000 00306nam a22001337a 4500
008 170302b xxu||||| |||| 00| 0 eng d
020 _a9789997635396
041 _aeng
080 _a616.073
100 _a6
101 _aSHM
245 _aCT AND MR IMAGING OF THE WHOLE BODY
_cHAAGA.J.R
942 _2udc
_cBK
999 _c6553
_d6553